Car Models by Picture #14 - Statistics

General Stats
  • This quiz has been taken 106 times
  • The average score is 6 of 12
Answer Stats
Picture Hint Answer % Correct
Mercedes-Benz G-Class
94%
McLaren 720S
65%
Volvo XC90
65%
Ford Transit
63%
Bugatti EB 110
61%
Kia Stinger
55%
Porsche 959
46%
Volkswagen Amarok
46%
Vauxhall Zafira
46%
Lotus Esprit
38%
Pontiac GTO
32%
Suzuki Vitara
23%
No matching quizzes found
Score Distribution
Percent of People with Each Score
Percentile by Number Answered
Your Score History
You have not taken this quiz